| 000 | 01477nam a2200409Ii 4500 | ||
|---|---|---|---|
| 001 | DIGLOM03014 | ||
| 003 | NyNyDIG | ||
| 006 | m o d | ||
| 007 | cr ||||||||||| | ||
| 008 | 120210s2009 cl o 000 0 spa d | ||
| 020 | _z9789560000408 | ||
| 035 | _a(OCoLC)888270411 | ||
| 040 |
_aDGITA _beng _epn _cDGITA |
||
| 041 | 1 |
_aspa _hfre |
|
| 050 | 1 | 4 | _aPQ2191 eBook |
| 100 | 1 |
_aBaudelaire, Charles, _d1821-1867. |
|
| 240 | 1 | 0 |
_aSpleen de Paris. _lSpanish |
| 245 | 1 | 3 |
_aEl spleen de París / _cCharles Baudelaire ; Introducción, traducción y notas de Pablo Oyarzún R. |
| 250 | _a1. ed. | ||
| 264 | 1 |
_aSantiago de Chile, Chile : _bLOM Ediciones, _c2009. |
|
| 300 | _a1 online resource (143 pages) | ||
| 336 |
_atext _btxt _2rdacontent |
||
| 337 |
_acomputer _bc _2rdamedia |
||
| 338 |
_aonline resource _bcr _2rdacarrier |
||
| 490 | 1 | _aBolsillo | |
| 500 | _aNotas (p. 117-138) ; Tabla de primeras publicaciones de los poemas anteriores a la edición completa de 1869 (p. 139-143). | ||
| 651 | 0 |
_aParis (France) _xPoetry. |
|
| 650 | 0 |
_aProse poems, French _vTranslations into Spanish. |
|
| 655 | 0 | _aElectronic books. | |
| 700 | 1 |
_aOyarzún R., Pablo, _d1950- |
|
| 791 | 2 |
_aDigitalia (Firm), _edistributor. |
|
| 830 | 0 | _aBolsillo (Santiago, Chile) | |
| 793 | 0 |
_gDigitalia eBook Collection: _aLOM Ediciones |
|
| 856 | 4 | 0 |
_3Digitalia Hispánica _uhttps://www.digitaliapublishing.com/a/13107/ |
| 910 | _aPremium Collection: 2007-2012 | ||
| 942 | _cRAA | ||
| 999 |
_c232843 _d232843 |
||